Clubs pro par région : Occitanie - Statistiques

Statistiques générales
  • Ce quiz a été pris 85 fois
  • Le résultat moyen est 5 sur 8
Statistiques - réponses
Dernière année Club % Correct
2024 Toulouse FC
99%
2024 Montpellier HSC
90%
2023 Nîmes Olympique
78%
2024 Rodez AF
72%
1997 Perpignan FC
66%
2019 AS Béziers
62%
2006 FC Sète
51%
1996 Olympique d'Alès
29%
Aucun quiz correspondant
Distribution des résultats
% des personnes avec chaque résultat
Percentile par nombre de réponses
Votre historique - résultats
Vous n’avez pas pris ce quiz